000 00240 a2200097 4500
001 53152
100 _aPickett, N A
245 _aTechnical English Writing, Reading & Speaking
260 _aNew York
_bHarper & Row
_c
090 _c33439
_d33439
942 _aNUST-CAE
_cM
_c26046
999 _c288225
_d288225